Construction of an achievement test in selected areas of Anatomy and Physiology for the first year students taking the course in General Nursing as prescribed by the Indian Nursing Council (Record no. 905373)
[ view plain ]
| 000 -LEADER | |
|---|---|
| fixed length control field | 00985nam a2200265Ia 4500 |
| 003 - CONTROL NUMBER IDENTIFIER | |
| control field | OSt |
| 005 - DATE AND TIME OF LATEST TRANSACTION | |
| control field | 20220930203943.0 |
| 008 - FIXED-LENGTH DATA ELEMENTS--GENERAL INFORMATION | |
| fixed length control field | 220926b |||||||| |||| 00| 0 eng d |
| 037 ## - SOURCE OF ACQUISITION | |
| Terms of availability | Dissertations |
| 040 ## - CATALOGING SOURCE | |
| Original cataloging agency | CRL |
| Transcribing agency | CRL |
| Language of cataloging | eng |
| 041 ## - LANGUAGE CODE | |
| Source of code | eng |
| Language code of text/sound track or separate title | eng |
| 100 ## - MAIN ENTRY--PERSONAL NAME | |
| Personal name | Sengupta Archana |
| 9 (RLIN) | 566465 |
| 110 ## - MAIN ENTRY--CORPORATE NAME | |
| Corporate name or jurisdiction name as entry element | University of Delhi. Faculty of Science. Department of Nursing |
| 245 #0 - TITLE STATEMENT | |
| Title | Construction of an achievement test in selected areas of Anatomy and Physiology for the first year students taking the course in General Nursing as prescribed by the Indian Nursing Council |
| 260 ## - PUBLICATION, DISTRIBUTION, ETC. | |
| Date of publication, distribution, etc. | 1964 |
| 650 ## - SUBJECT ADDED ENTRY--TOPICAL TERM | |
| Topical term or geographic name entry element | NURSING |
| 9 (RLIN) | 526720 |
| 700 ## - ADDED ENTRY--PERSONAL NAME | |
| Personal name | Dr. Edith Buchanan Gu. |
| 9 (RLIN) | 566466 |
| 700 ## - ADDED ENTRY--PERSONAL NAME | |
| Personal name | Dr. Kamla Gopal Gu. |
| 9 (RLIN) | 566467 |
| 700 ## - ADDED ENTRY--PERSONAL NAME | |
| Personal name | University of Delhi. Faculty of Science. Department of Nursing |
| 942 ## - ADDED ENTRY ELEMENTS (KOHA) | |
| Koha item type | Dissertations |
| Source of classification or shelving scheme | Colon Classification (CC) |
No items available.
